15. ženijní brigáda "Generála Karla Husárka" : 2003-2013 /

Hlavní autor: Štenclová, Miroslava
Jazyk: Čeština
Vydáno: Praha : Ministerstvo obrany České republiky, Odbor komunikace a propagace (OKP MO), 2013
Vydání: 1. vyd.
Témata:
Externí odkaz: Digitalizovaný dokument
Fyzický popis: 49 s. : barev. il. ; 21 cm
Knihy
Uloženo v:
LEADER 02316nam a2200565 a 4500
001 nkc20132469388
003 CZ PrNK
005 20130801080950.0
007 ta
008 130709s2013 xr a e 000 0 cze
015 |a cnb002469388 
020 |a 978-80-7278-616-9  |q (brož.) :  |c neprodejné 
035 |a (OCoLC)855465462 
040 |a ABA001  |b cze 
043 |a e-xr--- 
045 |a y0y1 
072 7 |a 358  |x Vojenské letectvo. Dělostřelectvo. Ženijní jednotky. Technické služby armády. Chemické vojsko  |2 Konspekt  |9 15 
080 |a 358.2  |2 MRF 
080 |a 623  |2 MRF 
080 |a 614.88  |2 MRF 
080 |a (437.3)  |2 MRF 
080 |a (082.2)  |2 MRF 
080 |a (084.12)  |2 MRF 
100 1 |a Štenclová, Miroslava  |7 jo2013770712  |4 aut  |4 pht 
245 1 0 |a 15. ženijní brigáda "Generála Karla Husárka" :  |b 2003-2013 /  |c [autorka Miroslava Štenclová] 
246 3 |a Patnáctá ženijní brigáda "Generála Karla Husárka" : 
250 |a 1. vyd. 
260 |a Praha :  |b Ministerstvo obrany České republiky, Odbor komunikace a propagace (OKP MO),  |c 2013 
300 |a 49 s. :  |b barev. il. ;  |c 21 cm 
610 1 7 |a Česko.  |b Armáda.  |b Ženijní záchranná brigáda, 15.  |7 kn20060119009  |2 czenas 
648 7 |a 21. století  |7 ch460559  |2 czenas 
648 7 |a 2003-2013  |7 ch969102  |2 czenas 
650 0 7 |a ženijní vojsko  |7 ph218873  |z Česko  |y 21. století  |2 czenas 
650 0 7 |a vojenská technika  |7 ph138823  |z Česko  |2 czenas 
650 0 7 |a záchranné práce  |7 ph127718  |z Česko  |2 czenas 
650 0 7 |a záchranářství  |7 ph117279  |z Česko  |2 czenas 
650 0 9 |a corps of engineers  |z Czechia  |y 21st century  |2 eczenas 
650 0 9 |a military engineering  |z Czechia  |2 eczenas 
650 0 9 |a rescue works  |z Czechia  |2 eczenas 
650 0 9 |a emergency medical services  |z Czechia  |2 eczenas 
655 7 |a jubilejní publikace  |7 fd131839  |2 czenas 
655 7 |a fotografické publikace  |7 fd132276  |2 czenas 
655 9 |a jubilee books  |2 eczenas 
655 9 |a photographical works  |2 eczenas 
856 4 1 |u http://www.digitalniknihovna.cz/mzk/uuid/uuid:495e27a0-6658-11e4-b42a-005056827e52  |y Digitalizovaný dokument  |x NDK 
910 2 |a BOA001  |b 2-1308.254 
990 |a BK 
995 |a 01 
991 |b 201307  |c NOV  |e n 
996 6 |b 2610556161  |c 2-1308.254  |l MZK  |r Sklad / do 1 hodiny  |n 1  |p p.v.  |w 001343560  |u 000010  |a 1  |e BOA001  |j MZK50  |s P